| 000 | 03354cam a22005894i 4500 | ||
|---|---|---|---|
| 003 | PE-LiUPU | ||
| 005 | 20250731165601.0 | ||
| 008 | 150625s2002 r 000 0 d | ||
| 020 | _a8474329310 | ||
| 035 | _a(Sirsi) i9788474329315 | ||
| 040 |
_aPE-LiUPU _bspa _cPE-LiUPU _erda |
||
| 049 | _aPRUA | ||
| 082 | 0 | 4 |
_a370 _bBE _221 |
| 082 | 0 | 4 | _a001.42bBE 9 |
| 100 | 1 |
_aBell, Judith, _eautor. |
|
| 245 | 1 | 0 |
_aCómo hacer tu primer trabajo de investigación : _bguía para investigadores en educación y ciencias sociales. _n9 / _cJudith Bell. |
| 264 | 1 |
_aBarcelona : _bGedisa, _c2002. |
|
| 300 |
_a250 páginas ; _c24 centímetros |
||
| 336 |
_atext _2rdacontent |
||
| 337 |
_aunmediated _2rdamedia |
||
| 338 |
_avolume _2rdacarrier |
||
| 490 | 0 |
_aBiblioteca de educación. Herramientas universitarias ; _v9 |
|
| 504 | _aReferencias bibliográficas: p. 235-244. | ||
| 505 | 0 | _aPlanteamientos de la investigación educativa -- Planificación del proyecto -- Negociación del acceso, ética y problemas de la investigación interna -- Registro, toma de notas y localización de bibliotecas -- Búsqueda y localización de las fuentes de información -- Revisión de la literatura -- Selección de los métodos de recolección de datos -- El análisis de las pruebas documentales -- Diseño y distribución de cuentionarios -- Planificación y realización de entrevistas -- Los diarios -- Estudios de observación -- Interpretación de los datos y exposición de las conclusiones -- Interpretación y presentación de los datos -- Redacción del informe. | |
| 526 | _aSEG44 | ||
| 526 | _aSEG26 | ||
| 526 | _aP151 | ||
| 526 | _aP150 | ||
| 526 | _aP149 | ||
| 526 | _aP146 | ||
| 526 | _aP145 | ||
| 526 | _aP126 | ||
| 526 | _aP125 | ||
| 526 | _aP92 | ||
| 526 | _aP75 | ||
| 526 | _aP74 | ||
| 526 | _aP27 | ||
| 526 | _aP15 | ||
| 541 | _g005-0002485; | ||
| 650 | 0 | 4 |
_aCiencias sociales _xMetodología. |
| 650 | 0 | 4 |
_aInvestigación _xMetodología. |
| 942 |
_2ddc _cBOOK |
||
| 949 |
_aPGE 001.42 BE 9 _wDEWEY _c1 _i56916 _d2016-1-15 _e2016-1-12 _lCCODEBUL1 _mBUL _n1 _r0 _sY _tBOOK _u2015-6-25 _xEDUCACION _PP57 _0COMPRA _o.CIRCNOTE. No olvidar cambiar la fecha de devolución!!!!!!! _o.STAFF. Colección General |
||
| 949 |
_a001.42 BE 9 _wDEWEY _c1 _iFJ04843 _lCCODEBUJ1 _mBUJ _p10.00 _r0 _sY _tBOOK _u2015-10-19 _xEDUCACION _PP20 _0COMPRA _o.STAFF. Colección General |
||
| 949 |
_a001.42 BE 9 _wDEWEY _c2 _iFJ05207 _lCCODEBUJ1 _mBUJ _p10.00 _r0 _sY _tBOOK _u2015-10-19 _xEDUCACION _PP20 _0COMPRA _o.STAFF. Colección General |
||
| 994 |
_aC0 _bPEPRU |
||
| 596 | _a1 3 | ||
| 999 |
_aPGE 001.42 BE 9 _wDEWEY _c46051 _i56916 _d46051 _e2019-3-8 _f2021-11-4 _g5 _lCCODEBUL1 _mBUL _n2 _r0 _sY _tBOOK _u2015-6-25 _xBIBLIOTECA _PP57 _0COMPRA _o.CIRCNOTE. No olvidar cambiar la fecha de devolución!!!!!!! _o.STAFF. Colección General |
||
| 999 |
_a001.42 BE 9 _wDEWEY _c1 _iFJ04843 _d2018-8-21 _e2018-8-17 _f2021-12-27 _g4 _lCCODEBUJ1 _mBUJ _n2 _p10.00 _q1 _r0 _sY _tBOOK _u2015-10-19 _xEDUCACION _PP20 _0COMPRA _o.STAFF. Colección General Juliaca |
||
| 999 |
_a001.42 BE 9 _wDEWEY _c2 _iFJ05207 _f2022-1-18 _g1 _lLOST _mBUJ _p10.00 _r0 _sY _tBOOK _u2019-11-4 _xEDUCACION _PP20 _0COMPRA _o.STAFF. Colección General Juliaca |
||
| 980 |
_81 _gALBERTO SANCHEZ Responsable de Automatización |
||